[Event "Oslo Open 2016"]
[Site "Fornebu NOR"]
[Date "2016.09.30"]
[Round "1.59"]
[White "Welling, Gerard"]
[Black "Melaa, Sondre"]
[Result "1-0"]
[WhiteTitle "IM"]
[WhiteElo "2319"]
[BlackElo "1685"]
[WhiteFideId "1000446"]
[BlackFideId "1530470"]
[EventDate "2016.09.30"]

1. d4 d5 2. Nf3 Nf6 3. e3 e6 4. Bd3 Nbd7 5. O-O Bd6 6. Nbd2 c5 7. c3 O-O 8. Re1
Qc7 9. e4 dxe4 10. Nxe4 Be7 11. Bg5 Nd5 12. Bxe7 Nxe7 13. Nxc5 Nxc5 14. dxc5
Qxc5 15. Re5 Qb6 16. Bxh7+ Kxh7 17. Ng5+ Kg6 18. Qg4 f5 19. Qg3 Kh6 20. Qh4+ Kg6
21. Rae1 Rf6 22. g4 fxg4 23. Qh7# 1-0

[Event "Oslo Open 2016"]
[Site "Fornebu NOR"]
[Date "2016.09.30"]
[Round "1.60"]
[White "Nilsen, Tobias Lang"]
[Black "Trasti, Nora Christine"]
[Result "1-0"]
[WhiteElo "1941"]
[BlackElo "1377"]
[WhiteFideId "1521624"]
[BlackFideId "1526340"]
[EventDate "2016.09.30"]

1. e4 c5 2. Nf3 Nc6 3. d4 cxd4 4. Nxd4 e5 5. Nb5 d6 6. N1c3 Nf6 7. Bg5 a6 8. Na3
Be7 9. Bxf6 Bxf6 10. Nc4 Nd4 11. Nd5 Be6 12. Ncb6 Rb8 13. c3 Bxd5 14. Nxd5 Ne6
15. g3 O-O 16. Bg2 Nc7 17. Ne3 b5 18. Nf5 Rb6 19. Qg4 Ne6 20. Nh6+ Kh8 21. Nxf7+
Rxf7 22. Qxe6 Re7 23. Qd5 Re8 24. O-O Qe7 25. Rfd1 Rd8 26. a4 Rbb8 27. axb5 axb5
28. Ra5 Qb7 29. Qxb7 Rxb7 30. Rd5 b4 31. c4 Be7 32. Bh3 g6 33. c5 dxc5 34. Rxd8+
Bxd8 35. Ra8 Rd7 36. Bxd7 1-0

[Event "Oslo Open 2016"]
[Site "Fornebu NOR"]
[Date "2016.09.30"]
[Round "1.64"]
[White "Rolstad, Morten"]
[Black "Risting, Eivind Olav"]
[Result "0-1"]
[BlackTitle "FM"]
[WhiteElo "1675"]
[BlackElo "2292"]
[WhiteFideId "1525026"]
[BlackFideId "1517333"]
[EventDate "2016.09.30"]

1. e4 e6 2. d4 d5 3. Nd2 a6 4. Bd3 c5 5. dxc5 Bxc5 6. Ngf3 Nc6 7. exd5 exd5 8.
O-O Nge7 9. Nb3 Bb6 10. c3 O-O 11. h3 Qd6 12. Kh1 Ng6 13. Qc2 Bd7 14. Bg5 Rac8
15. a3 h6 16. Bh4 Nxh4 17. Nxh4 Qf4 18. Bf5 Bxf5 19. Nxf5 g6 20. Ng3 h5 21. Ne2
Qe5 22. f4 Qe4 23. Qd1 h4 24. Nd2 Qe3 25. Rf3 Qe7 26. f5 Ne5 27. f6 Qd8 28. Rf1
Rc6 29. Qe1 Rxf6 30. Nf4 Rf5 31. Rd1 Re8 32. Ne4 Nd3 33. Rxd3 Rxe4 34. Qxe4 dxe4
35. Rxd8+ Bxd8 36. Rd1 Bg5 37. Ne2 Rf2 38. Re1 Bd2 0-1

[Event "Oslo Open 2016"]
[Site "Fornebu NOR"]
[Date "2016.09.30"]
[Round "1.65"]
[White "Roksvold, Thore"]
[Black "Store, Trond"]
[Result "0-1"]
[WhiteElo "1482"]
[BlackElo "2049"]
[WhiteFideId "1523090"]
[BlackFideId "1515772"]
[EventDate "2016.09.30"]

1. e4 c5 2. Be2 Nc6 3. f4 Nf6 4. d3 g6 5. Nf3 Bg7 6. c3 O-O 7. O-O d6 8. Na3 b6
9. Nc2 Bb7 10. Nh4 c4 11. Bf3 cxd3 12. Qxd3 Nd7 13. Qe3 e5 14. g3 exf4 15. Qxf4
Nce5 16. Qd2 Nc5 17. Nd4 Nxf3+ 18. Nhxf3 Nxe4 19. Qc2 Qc7 20. Be3 Rae8 21. Bf2
Nxf2 22. Qxf2 Qc4 23. Qd2 Qd5 24. b3 Re4 25. Rae1 Rfe8 26. Rxe4 Rxe4 27. Qg2 Re3
28. Nh4 Rxc3 29. Qxd5 Bxd5 30. Nb5 Rc2 31. Rf2 Rc5 32. Rd2 Rxb5 33. a4 Rc5 34.
b4 Rc1+ 35. Kf2 Be6 36. Rxd6 Ra1 37. Nf3 Rxa4 38. Ng5 Rxb4 39. Nxe6 fxe6 40.
Rxe6 a5 41. Ke2 a4 42. Re8+ Kf7 43. Ra8 b5 44. Kd2 Rb2+ 45. Kc1 Rxh2 46. Kb1 h5
47. Rb8 Rb2+ 48. Kc1 a3 49. Rb7+ Kg8 50. Rxg7+ Kxg7 0-1

[Event "Oslo Open 2016"]
[Site "Fornebu NOR"]
[Date "2016.09.30"]
[Round "1.68"]
[White "Tolhuizen, Ludo"]
[Black "Sidali, Elias Hulleberg"]
[Result "1/2-1/2"]
[WhiteElo "2148"]
[BlackElo "1572"]
[WhiteFideId "1000802"]
[BlackFideId "1530518"]
[EventDate "2016.09.30"]

1. Nf3 Nf6 2. d4 d5 3. c4 e6 4. g3 c5 5. Bg2 Nc6 6. O-O dxc4 7. Qa4 Bd7 8. dxc5
Bxc5 9. Qxc4 Bb6 10. Nc3 O-O 11. Rd1 h6 12. Na4 Na5 13. Qh4 Nd5 14. Nxb6 axb6
15. Qxd8 Rfxd8 16. e4 Ba4 17. b3 Nc3 18. Rxd8+ Rxd8 19. Be3 Bc6 20. Bxb6 Ra8 21.
Nd2 Ra6 22. Be3 Bb5 23. f3 Nc6 24. Bf1 Bxf1 25. Kxf1 Rxa2 26. Rxa2 Nxa2 27. Nc4
Nc3 28. Nd6 b5 29. Bd2 1/2-1/2

[Event "Oslo Open 2016"]
[Site "Fornebu NOR"]
[Date "2016.09.30"]
[Round "1.71"]
[White "Valembois, Pierre"]
[Black "Smeby, Ole"]
[Result "0-1"]
[WhiteElo "1199"]
[BlackElo "1888"]
[WhiteFideId "234559"]
[BlackFideId "1503677"]
[EventDate "2016.09.30"]

1. d4 Nf6 2. Nf3 e6 3. a3 b6 4. e3 Bb7 5. b3 d5 6. Bb2 Nbd7 7. Nbd2 Be7 8. Bd3
O-O 9. O-O Ne4 10. Ne5 Nxe5 11. dxe5 Nxd2 12. Qxd2 c5 13. c4 dxc4 14. bxc4 Qc7
15. f4 Rfd8 16. Rad1 Be4 17. Qc2 Bxd3 18. Rxd3 Rxd3 19. Qxd3 Rd8 20. Qc3 Qc6 21.
f5 exf5 22. h3 Qe4 23. e6 f6 24. Rf4 Qxe6 25. g4 Rd1+ 26. Kf2 fxg4 27. hxg4 Bd6
28. Ke2 Bxf4 29. Kxd1 Qxg4+ 30. Kc2 Qe2+ 31. Kb3 Qxe3 32. Ka4 Qxc3 33. Bxc3 a6
34. Kb3 h5 35. Bb2 h4 36. Bc3 h3 37. Ka4 h2 38. Bb2 h1=Q 39. Kb3 Be5 40. Ka2 Qg2
41. Kb3 Qxb2+ 42. Ka4 Qc2# 0-1

[Event "Oslo Open 2016"]
[Site "Fornebu NOR"]
[Date "2016.10.01"]
[Round "2.1"]
[White "Rishovd, Svein"]
[Black "Kovalenko, Igor"]
[Result "0-1"]
[BlackTitle "GM"]
[WhiteElo "2101"]
[BlackElo "2651"]
[WhiteFideId "1513060"]
[BlackFideId "14117908"]
[EventDate "2016.09.30"]

1. d4 Nf6 2. c4 e6 3. g3 c5 4. Nf3 cxd4 5. Nxd4 Qc7 6. b3 Bb4+ 7. Bd2 Bc5 8. Bc3
d5 9. Bg2 dxc4 10. O-O O-O 11. Qc1 e5 12. Nf3 Nc6 13. bxc4 Re8 14. Na3 a6 15.
Nc2 Be6 16. Ne3 Rad8 17. Ng5 Bxe3 18. Nxe6 Bxf2+ 19. Rxf2 Rxe6 20. Qg5 h6 21.
Qh4 Ne7 22. Raf1 Ng6 23. Qh3 Qxc4 24. Ba1 b5 25. Qf5 Rd2 26. Bf3 Qxa2 27. Be4
Rxe2 28. Bd5 Nxd5 29. Qxf7+ Kh7 30. Rxe2 Qxe2 31. Qxe6 Ne3 32. Qh3 Qxf1+ 33.
Qxf1 Nxf1 34. Kxf1 Kg8 35. Bc3 Kf7 36. Ke2 Ke6 37. Ke3 Kd5 0-1

[Event "Oslo Open 2016"]
[Site "Fornebu NOR"]
[Date "2016.10.01"]
[Round "2.2"]
[White "Moiseenko, Alexander"]
[Black "Lund, Terje"]
[Result "1-0"]
[WhiteTitle "GM"]
[WhiteElo "2648"]
[BlackElo "2103"]
[WhiteFideId "14102560"]
[BlackFideId "1504754"]
[EventDate "2016.09.30"]

1. d4 d5 2. c4 dxc4 3. e3 e5 4. Bxc4 exd4 5. exd4 Bd6 6. Nf3 Nf6 7. O-O O-O 8.
Nc3 Nc6 9. h3 h6 10. Qc2 a6 11. a3 b5 12. Ba2 Ne7 13. Nh4 Bb7 14. Be3 Ned5 15.
Nf5 Nxc3 16. Qxc3 Bd5 17. Bb1 Re8 18. Rc1 c6 19. Ba2 Ne4 20. Qc2 Bxa2 21. Rxa2
Rc8 22. Nxd6 Qxd6 23. a4 f5 24. axb5 axb5 25. Ra7 Kh8 26. Qb3 Rf8 27. d5 cxd5
28. Rd1 Nf6 29. Qxb5 Rb8 30. Qc5 Qe5 31. Bd4 Qe2 32. Rda1 Rfc8 33. Qd6 Ne8 34.
Qxh6+ 1-0

[Event "Oslo Open 2016"]
[Site "Fornebu NOR"]
[Date "2016.10.01"]
[Round "2.3"]
[White "Vestby-Ellingsen, Mads"]
[Black "Zubov, Alexander"]
[Result "0-1"]
[BlackTitle "GM"]
[WhiteElo "2084"]
[BlackElo "2606"]
[WhiteFideId "1520857"]
[BlackFideId "14109409"]
[EventDate "2016.09.30"]

1. e4 c5 2. Nf3 e6 3. d4 cxd4 4. Nxd4 a6 5. Nc3 Qc7 6. Be2 b5 7. a3 Bb7 8. f4 d6
9. O-O Nd7 10. Bf3 Ngf6 11. Kh1 Be7 12. Qe1 h5 13. b3 h4 14. Bb2 g6 15. e5 dxe5
16. fxe5 h3 17. Bxb7 Qxb7 18. Nf3 hxg2+ 19. Kxg2 Ng4 20. Ne4 Rh5 21. Kg1 Ndxe5
22. Nxe5 Nxe5 23. Bd4 Rd8 24. c3 Rh4 25. Bxe5 Rxe4 26. Qg3 Bc5+ 27. Bd4 Rexd4
28. cxd4 Bxd4+ 0-1

[Event "Oslo Open 2016"]
[Site "Fornebu NOR"]
[Date "2016.10.01"]
[Round "2.4"]
[White "Tari, Aryan"]
[Black "Gonzalez, Francisco Silva"]
[Result "1-0"]
[WhiteTitle "GM"]
[WhiteElo "2570"]
[BlackElo "2086"]
[WhiteFideId "1510045"]
[BlackFideId "1512285"]
[EventDate "2016.09.30"]

1. c4 e5 2. Nc3 Nc6 3. Nf3 Nf6 4. g3 Bb4 5. Bg2 O-O 6. Nd5 e4 7. Nh4 Re8 8. O-O
d6 9. d3 exd3 10. Qxd3 Ne5 11. Qc2 Nxd5 12. cxd5 Bc5 13. b3 Ng4 14. Bb2 Qg5 15.
e4 Bd7 16. Nf3 Qh5 17. h3 Nh6 18. Nh4 g5 19. Bf3 g4 20. hxg4 Nxg4 21. Qc3 Qe5
22. Kg2 Qxc3 23. Bxc3 Ne5 24. Be2 Ng6 25. Nxg6 fxg6 26. Bd3 c6 27. Bc4 Kf8 28.
Rh1 h5 29. Rh4 Re7 30. Rf4+ Ke8 31. Bf6 Rh7 32. Re1 Bb4 33. Re2 b5 34. Bd3 g5
35. Bxg5 Rf7 36. e5 Rxf4 37. exd6+ Kf8 38. Bxf4 Re8 39. dxc6 Bxc6+ 40. Kh3 Rd8
41. Bg5 Re8 42. Be7+ Kf7 43. Re5 Bd7+ 44. Kh2 1-0

[Event "Oslo Open 2016"]
[Site "Fornebu NOR"]
[Date "2016.10.01"]
[Round "2.6"]
[White "Chatalbashev, Boris"]
[Black "Gulbrandsen, Tor"]
[Result "1-0"]
[WhiteTitle "GM"]
[WhiteElo "2542"]
[BlackElo "2075"]
[WhiteFideId "2900440"]
[BlackFideId "1504142"]
[EventDate "2016.09.30"]

1. c4 Nf6 2. Nc3 e6 3. e4 e5 4. Nf3 Nc6 5. d4 exd4 6. Nxd4 d6 7. Be2 Be7 8. Nxc6
bxc6 9. O-O O-O 10. f4 Be6 11. b3 Qc8 12. h3 Rd8 13. Qc2 Rb8 14. Bb2 Qb7 15.
Rad1 a5 16. Kh1 Bd7 17. e5 Ne8 18. Bd3 h6 19. Qe2 Bf8 20. Qe4 f5 21. Qe2 Qc8 22.
g4 d5 23. cxd5 cxd5 24. Ba6 Rb7 25. e6 Bc6 26. e7 Bxe7 27. Qxe7 1-0

[Event "Oslo Open 2016"]
[Site "Fornebu NOR"]
[Date "2016.10.01"]
[Round "2.7"]
[White "Machlik, Edit"]
[Black "Arnaudov, G. Petar"]
[Result "0-1"]
[BlackTitle "GM"]
[WhiteElo "2056"]
[BlackElo "2474"]
[WhiteFideId "1513591"]
[BlackFideId "2907127"]
[EventDate "2016.09.30"]

1. d4 Nf6 2. c4 b6 3. Nc3 Bb7 4. Bg5 e6 5. f3 h6 6. Bh4 d5 7. e3 Be7 8. Bd3 O-O
9. Nge2 c5 10. O-O cxd4 11. Nxd4 Nbd7 12. cxd5 Nxd5 13. Bxe7 Nxe7 14. Be4 Bxe4
15. Nxe4 e5 16. Nb5 Nf5 17. Qe2 Qe7 18. Kh1 Nc5 19. Nxc5 Qxc5 20. e4 Nd4 21.
Nxd4 exd4 22. Rac1 Qd6 23. Rfd1 Rac8 24. Rxc8 Rxc8 25. h3 Rd8 26. Rd3 Qe5 27.
Qd2 h5 28. Qc2 g6 29. Qc4 Kg7 30. Kg1 h4 31. a3 Rd7 32. Rd1 a5 33. a4 Qf4 34.
Qd3 Kf6 35. Kf1 Rd6 36. Rd2 Kg5 37. Rc2 Qe3 38. Qxe3+ dxe3 39. Ke2 Kf4 40. e5
Rd2+ 41. Rxd2 exd2 42. Kxd2 Kg3 43. Ke3 Kxg2 44. Kf4 Kxh3 45. Kg5 Kg3 46. Kf6 h3
47. Kxf7 h2 48. e6 h1=Q 49. e7 Qxf3+ 50. Kxg6 Qe4+ 51. Kf6 Qxa4 0-1

[Event "Oslo Open 2016"]
[Site "Fornebu NOR"]
[Date "2016.10.01"]
[Round "2.8"]
[White "Hansen, Torbjorn Ringdal"]
[Black "Holleland, Sigve"]
[Result "1-0"]
[WhiteTitle "GM"]
[WhiteElo "2457"]
[BlackElo "2052"]
[WhiteFideId "1501720"]
[BlackFideId "1513672"]
[EventDate "2016.09.30"]

1. e4 c5 2. Nf3 d6 3. d4 cxd4 4. Nxd4 Nf6 5. Nc3 a6 6. Be2 e5 7. Nb3 Be7 8. Bg5
Nbd7 9. a4 O-O 10. a5 b5 11. axb6 Qxb6 12. O-O Bb7 13. Na5 h6 14. Be3 Qc7 15.
Nxb7 Qxb7 16. Ra2 Nc5 17. Bxc5 dxc5 18. Bc4 Rfd8 19. Qf3 Rd4 20. b3 Rd6 21. Rfa1
Bd8 22. h3 a5 23. Bd5 Nxd5 24. Nxd5 Qd7 25. Qc3 Rg6 26. Qxe5 Raa6 27. Qf5 Qxf5
28. exf5 Rgd6 29. c4 Ra8 30. Re1 Kh7 31. Re8 h5 32. Rf8 Ra7 33. Re2 Kh6 34. Rh8+
Kg5 35. Re5 Bf6 36. f4+ Kh4 37. Kh2 1-0

[Event "Oslo Open 2016"]
[Site "Fornebu NOR"]
[Date "2016.10.01"]
[Round "2.9"]
[White "Store, Trond"]
[Black "Getz, Nicolai"]
[Result "1/2-1/2"]
[BlackTitle "IM"]
[WhiteElo "2049"]
[BlackElo "2445"]
[WhiteFideId "1515772"]
[BlackFideId "1505572"]
[EventDate "2016.09.30"]

1. d4 Nf6 2. c4 e6 3. g3 c5 4. d5 exd5 5. cxd5 d6 6. Bg2 g6 7. b3 Bg7 8. Bb2 O-O
9. Nh3 Na6 10. Nf4 Nxd5 11. Bxg7 Nxf4 12. gxf4 Kxg7 13. Nc3 Qa5 14. Rc1 Rd8 15.
O-O Nb4 16. Qd2 f6 17. Rfd1 Be6 18. Bxb7 Rab8 19. Bd5 Nxd5 20. Nxd5 Qxd2 21.
Rxd2 Kf7 22. Nc3 Rb4 23. e3 g5 24. fxg5 Rg4+ 25. Kf1 Rxg5 26. Ne4 Rd5 27. Rcd1
Rxd2 28. Rxd2 Ke7 29. f4 h5 30. Kf2 Bc8 31. Rd1 Bb7 32. Ng3 Ke6 33. Nxh5 Rh8 34.
Ng7+ Kd7 35. Nf5 d5 36. Kg3 Rg8+ 37. Kf2 Rh8 38. Kg3 Ke6 39. Nh4 d4 40. f5+ Kd5
41. exd4 cxd4 42. Nf3 Rg8+ 43. Kf4 Rg2 44. Rxd4+ Kc5 45. Rc4+ Kd6 46. a4 Bd5 47.
Rc3 a5 48. h4 Rb2 49. Nd4 Rf2+ 50. Nf3 Rf1 51. Kg3 Bf7 52. Nd4 Rg1+ 53. Kf4 Bh5
54. Nb5+ Kd5 55. Nc7+ Kd4 56. Nb5+ Kd5 57. Nc7+ Kd6 58. Nb5+ Kd7 59. Rc7+ Kd8
60. Rc6 Ke7 61. Re6+ Kf7 62. Nd6+ Kg7 63. Ne8+ Bxe8 64. Rxe8 Rf1+ 65. Kg4 Rg1+
66. Kh5 Rf1 67. Re7+ Kf8 68. Re6 Kf7 69. Ra6 Rxf5+ 70. Kh6 Rd5 71. Ra7+ Ke6 72.
Kg6 Rd3 73. Ra6+ Ke7 74. Rxa5 Rxb3 75. h5 Rg3+ 76. Kh7 Ke6 77. h6 f5 78. Ra6+
Kf7 79. a5 f4 80. Ra7+ Kf6 81. Rg7 Ra3 82. a6 f3 83. a7 f2 84. Kg8 f1=Q 85. Rf7+
Kg6 86. Rxf1 Rxa7 87. Rg1+ Kxh6 1/2-1/2

[Event "Oslo Open 2016"]
[Site "Fornebu NOR"]
[Date "2016.10.01"]
[Round "2.10"]
[White "Rueda-Kjeldsen, Juan Carlos"]
[Black "Bracker, Frank"]
[Result "0-1"]
[BlackTitle "IM"]
[WhiteElo "2013"]
[BlackElo "2427"]
[WhiteFideId "1513087"]
[BlackFideId "24614343"]
[EventDate "2016.09.30"]

1. e4 e5 2. Nf3 Nc6 3. d3 Nf6 4. g3 d5 5. Nbd2 Bc5 6. Bg2 O-O 7. O-O a5 8. c3
Re8 9. Qe1 h6 10. Nb3 Bf8 11. Be3 a4 12. Nbd2 d4 13. cxd4 exd4 14. Bf4 a3 15.
Nc4 axb2 16. Nxb2 Ra3 17. Qb1 Be6 18. Rd1 Bb4 19. Bd2 Bc3 20. Bxc3 dxc3 21. Nc4
Bxc4 22. dxc4 Qe7 23. e5 Nxe5 24. Nxe5 Qxe5 25. Qc1 Qc5 26. Bxb7 g5 27. Rd3 Re2
28. Rf3 Ng4 29. Bd5 Rxf2 0-1

[Event "Oslo Open 2016"]
[Site "Fornebu NOR"]
[Date "2016.10.01"]
[Round "2.11"]
[White "Krupenski, Juri"]
[Black "Nordquelle, Daniel"]
[Result "1-0"]
[WhiteTitle "FM"]
[WhiteElo "2423"]
[BlackElo "2013"]
[WhiteFideId "4501101"]
[BlackFideId "1519042"]
[EventDate "2016.09.30"]

1. d4 Nf6 2. c4 c5 3. d5 e6 4. Nc3 exd5 5. cxd5 d6 6. Nf3 a6 7. a4 g6 8. g3 Bg7
9. Bg2 O-O 10. O-O Nbd7 11. Nd2 Rb8 12. Nc4 Nb6 13. Nxd6 Qe7 14. a5 Nbd7 15. Nc4
Ne8 16. Bf4 Ra8 17. d6 Qe6 18. Nd5 Ndf6 19. Ncb6 1-0

[Event "Oslo Open 2016"]
[Site "Fornebu NOR"]
[Date "2016.10.01"]
[Round "2.12"]
[White "Wetle Hoem, Tor"]
[Black "Djurhuus, Rune"]
[Result "1-0"]
[BlackTitle "GM"]
[WhiteElo "1988"]
[BlackElo "2413"]
[WhiteFideId "1505335"]
[BlackFideId "1500082"]
[EventDate "2016.09.30"]

1. d4 e6 2. Nf3 f5 3. g3 Nf6 4. Bg2 d5 5. c4 c6 6. O-O Bd6 7. Nc3 O-O 8. Qc2 Bd7
9. Rb1 b5 10. b3 Be8 11. Ne5 b4 12. Nd1 Qc7 13. Nd3 a5 14. Bf4 Bxf4 15. Nxf4 Qd6
16. Rc1 Nbd7 17. cxd5 cxd5 18. Qc7 Ra6 19. Qxd6 Rxd6 20. Nb2 Ne4 21. Bxe4 fxe4
22. Rc7 g5 23. Ng2 Nb8 24. Rc5 Ra6 25. f3 exf3 26. Rxf3 Rxf3 27. exf3 Nc6 28.
Nd3 Nxd4 29. Ne5 Nc6 30. f4 Nxe5 31. fxe5 Bg6 32. Ne3 h5 33. h4 gxh4 34. gxh4
Bb1 35. Ng2 Bxa2 36. Nf4 Bxb3 37. Nxh5 Bd1 38. Nf6+ Kf7 39. Rc1 a4 40. Rxd1 a3
41. Nd7 a2 1-0

[Event "Oslo Open 2016"]
[Site "Fornebu NOR"]
[Date "2016.10.01"]
[Round "2.13"]
[White "Derakhshani, Dorsa"]
[Black "Haugsrud, Hakon"]
[Result "1-0"]
[WhiteTitle "WIM"]
[WhiteElo "2405"]
[BlackElo "1969"]
[WhiteFideId "12500330"]
[BlackFideId "1503588"]
[EventDate "2016.09.30"]

1. e4 c5 2. Nf3 e6 3. d4 cxd4 4. Nxd4 a6 5. Nc3 b5 6. Be3 Bb7 7. Bd3 Qc7 8. f4
d6 9. Qf3 Nf6 10. O-O Nbd7 11. Rae1 Be7 12. a3 Nc5 13. Bf2 Rc8 14. Qg3 O-O 15.
Re3 Nh5 16. Qg4 Nxf4 17. Ndxb5 axb5 18. Qxf4 Nxd3 19. cxd3 f5 20. e5 Qc6 21. Rg3
g5 22. exd6 Kf7 23. Qd2 Bxd6 24. Rxg5 h6 25. Rg3 Bxg3 26. Bxg3 Rcd8 27. Rf2 Kg6
28. Bf4 Rg8 29. Ne2 Kh7 30. Ng3 Qd5 31. Qb4 Rg7 32. Qe1 Rdg8 33. Be5 Rg4 34. Qe2
Rc8 35. h3 Rc1+ 36. Kh2 Rg6 37. Nh5 Rc2 38. Qxc2 Qxe5+ 39. Kg1 Qe1+ 40. Kh2 Qe5+
41. Nf4 Rxg2+ 42. Rxg2 Qxf4+ 43. Rg3 Bd5 44. b4 Bb7 45. Qb2 e5 46. Qa2 1-0

[Event "Oslo Open 2016"]
[Site "Fornebu NOR"]
[Date "2016.10.01"]
[Round "2.14"]
[White "Hoti, Nimon"]
[Black "Abdumalik, Zhansaya"]
[Result "0-1"]
[BlackTitle "WGM"]
[WhiteElo "1959"]
[BlackElo "2389"]
[WhiteFideId "1510746"]
[BlackFideId "13703544"]
[EventDate "2016.09.30"]

1. Nf3 Nf6 2. g3 g6 3. b3 Bg7 4. Bb2 d5 5. Bg2 O-O 6. O-O c5 7. d3 Nc6 8. Nbd2
b6 9. Re1 Bb7 10. Ne5 Nd4 11. e3 Nf5 12. Rb1 h5 13. Nef3 Nd6 14. Be5 Rc8 15. h3
Re8 16. Nh2 Nh7 17. Bxg7 Kxg7 18. c4 dxc4 19. dxc4 Bxg2 20. Kxg2 e5 21. Qc2 Qd7
22. Nhf3 e4 23. Ng1 h4 24. Nf1 Ng5 25. Rbd1 Qe6 26. Qe2 hxg3 27. fxg3 f6 28. h4
Ngf7 29. Nh2 Rh8 30. Qg4 f5 31. Qf4 Ne5 32. Nh3 Nd3 33. Rxd3 exd3 34. Ng5 Qe7
35. Rd1 Ne4 36. Nhf3 Rcd8 37. Qc7 Qxc7 38. Ne6+ Kf6 39. Nxc7 Nc3 40. Rd2 Rh7 41.
Nb5 Ne4 42. a4 a6 43. Na3 Re7 44. Nb1 Nxd2 45. Nbxd2 Rxe3 0-1

[Event "Oslo Open 2016"]
[Site "Fornebu NOR"]
[Date "2016.10.01"]
[Round "2.15"]
[White "Hauge, Lars Oskar"]
[Black "Harstad, Christian"]
[Result "1-0"]
[WhiteTitle "IM"]
[WhiteElo "2385"]
[BlackElo "1962"]
[WhiteFideId "1509276"]
[BlackFideId "1504045"]
[EventDate "2016.09.30"]

1. d4 Nf6 2. Bg5 Ne4 3. h4 c5 4. d5 Qb6 5. Nd2 Nxd2 6. Bxd2 Qxb2 7. Nf3 e6 8. e4
Qb6 9. Bc4 Be7 10. Rb1 Qc7 11. Bg5 f6 12. Bd2 e5 13. h5 d6 14. Nh4 O-O 15. Rb3
a6 16. Rg3 b5 17. Be2 f5 18. Nxf5 Bxf5 19. exf5 Rxf5 20. Bg4 Rf8 21. Be6+ Kh8
22. Qg4 Bf6 23. Qg6 Qe7 24. h6 hxg6 25. hxg7+ Kxg7 1-0

[Event "Oslo Open 2016"]
[Site "Fornebu NOR"]
[Date "2016.10.01"]
[Round "2.17"]
[White "Mihajlov, Sebastian"]
[Black "Gronn, Eskil Ekeland"]
[Result "1-0"]
[WhiteTitle "FM"]
[WhiteElo "2356"]
[BlackElo "1958"]
[WhiteFideId "1512110"]
[BlackFideId "1507010"]
[EventDate "2016.09.30"]

1. d4 Nf6 2. c4 c5 3. d5 d6 4. Nc3 g6 5. e4 e6 6. Nf3 exd5 7. cxd5 Bg7 8. Nd2
O-O 9. Be2 Na6 10. O-O Nc7 11. a4 b6 12. Nc4 Ba6 13. Bg5 Bxc4 14. Bxc4 h6 15.
Bh4 a6 16. Re1 Qd7 17. f4 Ng4 18. e5 dxe5 19. h3 g5 20. fxg5 hxg5 21. Bxg5 Nf6
22. Bxf6 Bxf6 23. d6 Ne8 24. Ne4 Bg7 25. Qd3 Nf6 26. Nxf6+ Bxf6 27. Qg6+ Bg7 28.
Rxe5 1-0

[Event "Oslo Open 2016"]
[Site "Fornebu NOR"]
[Date "2016.10.01"]
[Round "2.18"]
[White "Wright, Haakon"]
[Black "Arvola, Benjamin"]
[Result "1-0"]
[BlackTitle "FM"]
[WhiteElo "1457"]
[BlackElo "2346"]
[WhiteFideId "1525034"]
[BlackFideId "1506536"]
[EventDate "2016.09.30"]

1. d4 d5 2. c4 e6 3. Nf3 c6 4. e3 Bd6 5. Nc3 f5 6. Bd3 Nf6 7. O-O O-O 8. cxd5
exd5 9. Rb1 Qe7 10. Bd2 Ne4 11. b4 Nxd2 12. Qxd2 a6 13. Na4 Nd7 14. Rfc1 Bc7 15.
Nc5 Nf6 16. a4 Ne4 17. Qc2 Rf6 18. b5 axb5 19. axb5 g5 20. bxc6 bxc6 21. Ra1
Rxa1 22. Rxa1 g4 23. Bxe4 fxe4 24. Ne5 Bxe5 25. dxe5 Qxe5 26. Ra8 Rf8 27. Nb3
Qf6 28. g3 h5 1-0

[Event "Oslo Open 2016"]
[Site "Fornebu NOR"]
[Date "2016.10.01"]
[Round "2.19"]
[White "Robertsen, Bjorn"]
[Black "Hobber, Anders"]
[Result "1-0"]
[BlackTitle "FM"]
[WhiteElo "1943"]
[BlackElo "2331"]
[WhiteFideId "1521632"]
[BlackFideId "1505424"]
[EventDate "2016.09.30"]

1. d4 Nf6 2. c4 e6 3. Nf3 c5 4. e3 d5 5. Nc3 cxd4 6. exd4 Be7 7. cxd5 Nxd5 8.
Bd3 O-O 9. O-O Nd7 10. Nxd5 exd5 11. Qb3 Nf6 12. Bf4 Nh5 13. Be5 f6 14. Bg3 Nxg3
15. hxg3 Rf7 16. Rfe1 a6 17. Re3 b5 18. Rae1 Ra7 19. a3 Rc7 20. Bb1 g6 21. Ba2
Rd7 22. Re6 Bb7 23. Qe3 Kg7 24. Nh2 g5 25. Bb1 Kf8 26. Ng4 Rd6 27. Nh6 Rxe6 28.
Qxe6 Rg7 29. Nf5 Rf7 30. Nh6 Rg7 31. Nf5 Rf7 32. Rc1 b4 33. a4 Ke8 34. Re1 Kf8
35. Rc1 Ke8 36. Nh6 Rg7 37. Bxh7 Qd7 38. Bg6+ 1-0

[Event "Oslo Open 2016"]
[Site "Fornebu NOR"]
[Date "2016.10.01"]
[Round "2.20"]
[White "Kovachev, Daniel Jakobsen"]
[Black "Budzyn, Marcus"]
[Result "1/2-1/2"]
[WhiteTitle "FM"]
[WhiteElo "2329"]
[BlackElo "1954"]
[WhiteFideId "1503448"]
[BlackFideId "16201639"]
[EventDate "2016.09.30"]

1. Nf3 d6 2. d4 g6 3. e4 Bg7 4. Bd3 Nf6 5. h3 O-O 6. O-O Nc6 7. c3 e5 8. dxe5
Nxe5 9. Nxe5 dxe5 10. Be3 b6 11. Qc2 Bb7 12. c4 Nh5 13. Nc3 Nf4 14. Rfd1 Qg5 15.
Bxf4 exf4 16. Nb5 f3 17. Bf1 fxg2 18. Bxg2 Be5 19. Rd7 Qf4 20. Rad1 Bc8 21. R7d3
Be6 22. b3 Qh2+ 23. Kf1 Rae8 24. Qe2 Bg7 25. Re3 Bh6 26. Red3 Bg7 27. Re3 a6 28.
Nd4 Bxd4 29. Rxd4 Qe5 30. Rd1 Rd8 31. Red3 Rxd3 32. Qxd3 a5 33. Qd4 Qxd4 34.
Rxd4 f6 35. Ke2 Kf7 36. h4 a4 37. Bf3 axb3 38. axb3 Ra8 39. Ke3 Ra2 40. Rd2 Rxd2
41. Kxd2 Ke7 42. Be2 g5 43. hxg5 fxg5 44. Ke3 Kd6 45. f4 gxf4+ 46. Kxf4 Kc5 47.
Ke5 Bd7 48. Bd1 Be8 49. Kf6 h5 50. Kg5 Kd4 51. Kf4 Bc6 52. e5 h4 53. e6 Be8 54.
Kg4 Ke5 55. e7 Kf6 56. Kxh4 Kxe7 57. Kg4 Kd6 58. Kf4 Kc5 59. Ke3 Bg6 60. Kd2 Kb4
61. Bc2 Bh5 62. Kd3 Bf3 63. Kd2 Bg4 64. Kd3 Bh3 65. Bd1 Bf1+ 66. Kd4 c5+ 67. Kd5
Bg2+ 68. Kd6 Be4 69. Kc7 Ka5 70. Kd6 Bb1 71. Kc6 Ka6 72. Kd5 Bg6 73. Kd6 Ka5 74.
Kc6 Be4+ 75. Kc7 1/2-1/2